Cesta Sándora Petöfiho z jari 1845 na Slovensko

Bibliographic Details
Main Author: Bodolay, Géza (Author)
Other Authors: Petrovič, Jozef (Translator)
Format: Article
Language:Slovak
Subjects:

MARC

LEADER 00000nab a2200000 a 4500
001 vtls010624594
003 SK-MaSNL
005 20260303091016.0
008 140929c1969 xo r 000 00slo
015 |a SNBRA2014/10SVKPO 
038 |a SVKPO 
040 |a SVKPOCL  |b slo  |c SVKPOCL  |e AACR2 
041 0 |a slo 
044 |a xo  |c SK 
080 |a 82.0:929:821.511.141  |2 2001 
080 |a 929 Petöfi, Sándor  |2 2001 
080 |a 821.511.141-051  |2 2001 
100 1 |a Bodolay, Géza  |4 aut  |9 982451 
245 1 0 |a Cesta Sándora Petöfiho z jari 1845 na Slovensko  |c Géza Bodolay ; z maďarčiny preložil J. Petrovič 
504 |a Bibliogr. odkazy 
600 1 7 |a Petőfi, Sándor,  |d 1823-1849  |2 svkpocl  |9 87509 
651 7 |a Prešov (Slovensko)  |2 svkpocl  |9 17347 
655 7 |a štúdie  |2 svkpocl  |9 57033 
700 1 |a Petrovič, Jozef,  |4 trl  |9 288279 
773 0 |t Nové obzory 11 : spoločenskovedný zborník východného Slovenska  |d Košice : Východoslovenské vydavateľstvo pre Múzeum Slovenskej republiky rád v Prešove, 1969  |g S. 285-314 
852 |a SVKPO  |b KIS3GCP 
958 |a SK 
958 |a NB 
958 |a LX 
958 |a HU 
999 |c 1805784  |d 1807714